Sistemas de control continuos y discretos

Guardat en:
Dades bibliogràfiques
Autor principal: Dorsey, John (Autor)
Format: Llibre
Idioma:espanyol
Publicat: Ciudad de México McGraw-Hill 2005
Edició:1a. ed
Matèries:
Etiquetes: Afegir etiqueta
Sense etiquetes, Sigues el primer a etiquetar aquest registre!

MARC

LEADER 00000nam a2200000 a 4500
001 UCK6289
003 CL-VaPUC
008 050916e20050000MX |||||||||||||||||spa|d
020 |a 9701046749 
082 0 4 |a 629.8  |b DOR  |2 21 
100 0 |a Dorsey, John  |e author  |9 495405 
245 1 0 |a Sistemas de control continuos y discretos 
250 |a 1a. ed 
300 |a 630 p 
942 |c BK 
945 |d 20050916 00:00:00  |a cmena 
260 |a Ciudad de México  |b McGraw-Hill  |c 2005 
500 |a Incluye Cd-Rom 
500 |a Revisar además sitio web: www.mhhe.com/engcs//electrical/dorsey, que contiene una amplia variedad de recursos didácticos adicionales para un aprendizaje óptimo 
650 0 |a Sistemas de control  |9 263596 
650 0 |a Control automático  |9 259890 
650 0 |a Diseño de sistemas  |9 262363 
650 0 |a Simulación por computador  |9 260988 
650 0 |a Modelos matemáticos   |9 259437 
583 |a last modification  |c 20050916 00:00:00  |k Rodrigo Vera 
999 |c 314588  |d 314586 
952 |0 0  |1 0  |2 ddc  |4 0  |6 629_800000000000000_DOR_2005  |7 0  |8 A  |9 387012  |a BIBING  |b BIBING  |c RES  |d 2019-11-22  |i 4167546  |o 629.8 DOR 2005  |p 4167546  |r 2025-01-20  |w 2019-11-22  |y BK  |k EIE 
952 |0 0  |1 0  |2 ddc  |4 0  |6 629_800000000000000_DOR_2005  |7 0  |8 A  |9 387013  |a BIBING  |b BIBING  |c RES  |d 2019-11-22  |i 4168569  |o 629.8 DOR 2005  |p 4168569  |r 2025-01-20  |w 2019-11-22  |y BK  |k EIE 
952 |0 0  |1 0  |2 ddc  |4 0  |6 629_800000000000000_DOR_2005  |7 0  |8 A  |9 387014  |a BIBING  |b BIBING  |c RES  |d 2019-11-22  |i 4168577  |o 629.8 DOR 2005  |p 4168577  |r 2025-01-20  |w 2019-11-22  |y BK  |k EIE 
952 |0 0  |1 0  |2 ddc  |4 0  |6 629_800000000000000_DOR_2005  |7 0  |8 A  |9 387015  |a BIBING  |b BIBING  |c RES  |d 2019-11-22  |i 4168585  |o 629.8 DOR 2005  |p 4168585  |r 2025-01-20  |w 2019-11-22  |y BK  |k EIE 
952 |0 0  |1 0  |2 ddc  |4 0  |6 629_800000000000000_DOR_2005  |7 0  |8 A  |9 387018  |a BIBING  |b BIBING  |c RES  |d 2019-11-22  |i 4168615  |o 629.8 DOR 2005  |p 4168615  |r 2025-01-20  |w 2019-11-22  |y BK  |k EIE 
952 |0 0  |1 0  |2 ddc  |4 0  |6 629_800000000000000_DOR_2005  |7 0  |8 A  |9 387020  |a BIBING  |b BIBING  |c RES  |d 2019-11-22  |i 4168631  |o 629.8 DOR 2005  |p 4168631  |r 2025-01-20  |w 2019-11-22  |y BK  |k EIE 
952 |0 0  |1 0  |2 ddc  |4 0  |6 629_800000000000000_DOR_2005  |7 0  |8 A  |9 387021  |a BIBING  |b BIBING  |c RES  |d 2019-11-22  |i 416864K  |o 629.8 DOR 2005  |p 416864K  |r 2025-01-20  |w 2019-11-22  |y BK  |k EIE 
952 |0 0  |1 0  |2 ddc  |4 0  |6 629_800000000000000_DOR_2005  |7 0  |8 A  |9 387022  |a BIBING  |b BIBING  |c RES  |d 2019-11-22  |i 4365119  |o 629.8 DOR 2005  |p 4365119  |r 2025-01-20  |w 2019-11-22  |y BK  |k EIE